Diagnostics, maintenance and reliability of machines and manufacturing systems
Guardado en:
| Autor principal: | |
|---|---|
| Otros Autores: | , , , , , |
| Formato: | Libro |
| Lenguaje: | inglés |
| Publicado: |
[S.l.]
[Dr. Enayat Danishjoo]
[2011]
|
| Edición: | 1. vyd. |
| Materias: | |
| Etiquetas: |
Sin Etiquetas, Sea el primero en etiquetar este registro!
|
MARC
| LEADER | 00000nam a2200000 4500 | ||
|---|---|---|---|
| 001 | 0185711 | ||
| 005 | 20240502083438.2 | ||
| 020 | |a 978-3-00-035706-0 | ||
| 041 | 0 | |a eng | |
| 044 | |a DE | ||
| 245 | 1 | 0 | |a Diagnostics, maintenance and reliability of machines and manufacturing systems |c Naqib Daneshjo, Daniel Hlubeň, Enayat Danishjoo, Melichar Kopas ; reviewers: Adrian Olaru, Marián Králik, Alena Pauliková |
| 250 | |a 1. vyd. | ||
| 264 | 1 | |a [S.l.] |b [Dr. Enayat Danishjoo] |c [2011] | |
| 300 | |a 136 s. [6,5 AH] | ||
| 610 | 2 | 0 | |a systémy výrobné |
| 610 | 2 | 0 | |a parametre technické |
| 610 | 2 | 0 | |a stroje |
| 100 | 1 | |a Daneshjo, Naqibullah, 1964- | |
| 700 | 1 | |a Hlubeň, Daniel | |
| 700 | 1 | |a Danishjoo, Enayat | |
| 700 | 1 | |a Kopas, Melichar | |
| 700 | 1 | |a Olaru, Adrian | |
| 700 | 1 | |a Králik, Marián | |
| 700 | 1 | |a Pauliková, Alena | |